Migrace jako adaptace na změnu klimatu

Migračné teórie a environmentálne faktory. Koncept environmentálnej migrácie. Klimatické extrémy, adaptácia a migrácia. Migrácia ako reakcia spoločnosti na klimatické zmeny. Analýza environmentálnej migrácie. Zmena klímy ako príčina migrácie obyvateľov z Bangladéša do Indie. Zmena klímy ako príčina...

Description complète

Enregistré dans:
Détails bibliographiques
Auteur principal: Stojanov, Robert
Autres auteurs: Duží, Barbora
Format: Chapitre de livre
Langue:tchèque
Sujets:
Tags: Ajouter un tag
Pas de tags, Soyez le premier à ajouter un tag!

MARC

LEADER 00000naa a2200000 4500
001 0176501
005 20231208075642.2
041 0 |a cze 
044 |a CZ 
245 1 0 |a Migrace jako adaptace na změnu klimatu  |c Robert Stojanov, Barbora Duží 
520 |a Migračné teórie a environmentálne faktory. Koncept environmentálnej migrácie. Klimatické extrémy, adaptácia a migrácia. Migrácia ako reakcia spoločnosti na klimatické zmeny. Analýza environmentálnej migrácie. Zmena klímy ako príčina migrácie obyvateľov z Bangladéša do Indie. Zmena klímy ako príčina migrácie obyvateľstva v severozápadnej Keni. Zhrnutie empirického výskumu. 
610 2 0 |a migrácia 
610 2 0 |a pohyb síl pracovných 
610 2 0 |a zmeny klimatické 
610 2 0 |a prostredie životné 
610 2 0 |a podmienky životné 
100 1 |a Stojanov, Robert 
700 1 |a Duží, Barbora